Central Library OPAC University of Rajshahi

Computer programming in COBOL / (Record no. 341)

MARC details
000 -LEADER
fixed length control field 00768nam a2200253 a 4500
001 - CONTROL NUMBER
control field 341
003 - CONTROL NUMBER IDENTIFIER
rucl marc code BD-RjUL
005 - DATE AND TIME OF LATEST TRANSACTION
control field 20221102104113.0
008 - FIXED-LENGTH DATA ELEMENTS--GENERAL INFORMATION
fixed length control field 060630t19971981ii b 001 0 eng d
020 ## - INTERNATIONAL STANDARD BOOK NUMBER
International Standard Book Number 8120300300
035 ## - SYSTEM CONTROL NUMBER
System control number (BD-RjUL)358
040 ## - CATALOGING SOURCE
Original cataloging agency BD-RjUL
Language of cataloging eng
Transcribing agency BD-RjUL
041 ## - LANGUAGE CODE
Language code of text/sound track or separate title eng
082 04 - DEWEY DECIMAL CLASSIFICATION NUMBER
Edition number 23
Classification number 005.13
Author mark and year RAC 1997
100 1# - MAIN ENTRY--PERSONAL NAME
Personal name Rajaraman, V.
9 (RLIN) 1092
245 10 - TITLE STATEMENT
Title Computer programming in COBOL /
Statement of responsibility, etc. V. Rajaraman., H.V. Sahasrabuddhe.
250 ## - EDITION STATEMENT
Edition statement Eastern economy ed.
260 ## - PUBLICATION, DISTRIBUTION, ETC. (IMPRINT)
Place of publication, distribution, etc. New Delhi :
Name of publisher, distributor, etc. Prentice-Hall of India,
Date of publication, distribution, etc. c1981 [reprinted 1997].
300 ## - PHYSICAL DESCRIPTION
Pagination x, 268 p. :
Illustrations ill. ;
Size 28 cm.
504 ## - BIBLIOGRAPHY, ETC. NOTE
Bibliography, etc Includes index and bibliography.
650 #0 - SUBJECT ADDED ENTRY--TOPICAL TERM
Topical term or geographic name as entry element COBOL (Computer program language)
9 (RLIN) 914
700 1# - ADDED ENTRY--PERSONAL NAME
Personal name Sahasrabuddhe, H.V.
942 ## - ADDED ENTRY ELEMENTS (KOHA)
Source of classification or shelving scheme Dewey Decimal Classification
Koha item type Books
Holdings
Lost status Source of classification or shelving scheme Damaged status Not for loan Collection code Permanent Location Current Location Shelving location Date acquired Source of acquisition Cost, normal purchase price Total Checkouts Full call number Date last seen Copy number Koha item type
  Dewey Decimal Classification     Non-fiction Central Library, University of Rajshahi Central Library, University of Rajshahi   10/08/2000 Ankur Prakashani 129.00   005.13 RAC 1997 28/12/2020 C-4 Books
  Dewey Decimal Classification     Non-fiction Central Library, University of Rajshahi Central Library, University of Rajshahi   22/11/2016 Dhaka, Ahsania mission Book Distri : House 162.50   001.6424 RAC 1997 22/11/2016 C-2 Books
  Dewey Decimal Classification   Not For Loan Non-fiction Central Library, University of Rajshahi Central Library, University of Rajshahi Reading Room 08/12/2021 1998-03-21 162.50   005.13 RAC 1997 18/03/2017 C-1 Books
  Dewey Decimal Classification     Non-fiction Central Library, University of Rajshahi Central Library, University of Rajshahi General Stacks 21/03/1998 Ahsahia mission book Dis. 162.50   005.13 RAC 1997 02/11/2022 C-3 Books